000 00608cam a22002173a 4500
001 45284
003 PGUSA
005 20140828084035.0
008 140401s2014||||xxu|||||s|||||000 | eng d
040 _aPGUSA
_beng
042 _adc
100 1 _aTolstoy, Leo, graf,
_d1828-1910
245 1 0 _aSota ja rauha II
_h[electronic resource] /
_cLeo, graf Tolstoy
260 _bProject Gutenberg,
_c2014
506 _aPublic domain in the USA.
516 _aElectronic text
700 1 _aWallenius, Iivari
830 0 _aProject Gutenberg
_v45284
856 4 0 _uhttp://www.gutenberg.org/ebooks/45284
942 _cEB
999 _c274535
_d274535